Tous les gardiens de buts de l'Equipe de France de Football - Statistiques

Statistiques générales
  • Ce quiz a été pris 88 fois
  • Le résultat moyen est 15 sur 81
Statistiques - réponses
Début Fin Nombre de sélection Joueurs % Correct
2008 2022 145 Hugo Lloris
99%
2020 En cours 38 Mike Maignan
94%
1994 2006 87 Fabien Barthez
93%
2025 En cours 1 Lucas Chevalier
92%
2008 2022 35 Steve Mandanda
88%
2018 En cours 5 Alphonse Areola
86%
2023 En cours 4 Brice Samba
85%
2001 2008 34 Grégory Coupet
82%
1993 2000 44 Bernard Lama
80%
2010 2015 3 Stéphane Ruffier
70%
2016 2016 1 Benoît Costil
68%
2001 2007 11 Mickaël Landreau
65%
2011 2011 1 Cédric Carrasso
51%
1983 1989 50 Joël Bats
44%
2007 2008 2 Sébastien Frey
39%
1997 1997 1 Lionel Charbonnier
38%
1999 2003 12 Ulrich Ramé
31%
1997 2001 4 Lionel Letizi
27%
1980 1982 9 Jean-Luc Ettori
24%
1987 1996 31 Bruno Martini
19%
1981 1982 9 Jean Castaneda
14%
1999 1999 1 Stéphane Porato
12%
1963 1973 36 Georges Carnus
11%
2000 2000 1 Richard Dutruel
11%
1972 1982 21 Dominique Baratelli
10%
1978 1981 17 Dominique Dropsy
10%
1977 1979 10 André Rey
8%
1973 1978 11 Jean-Paul Bertrand-Demanes
8%
1986 1986 1 Albert Rust
6%
1990 1992 2 Gilles Rousset
6%
1982 1983 5 Jean-Pierre Tempet
5%
1939 1951 25 Julien Darui
5%
1964 1968 20 Marcel Aubour
5%
1980 1994 3 Philippe Bergeroo
5%
1949 1954 17 René Vignal
5%
1969 1969 1 Yves Chauveau
5%
1957 1961 13 Dominique Colonna
4%
1911 1911 5 Henri Beau
4%
1927 1927 1 Jacques Dhur
4%
1981 1981 1 Pierrick Hiard
4%
1927 1935 31 Alex Thépot
2%
1957 1958 9 Claude Abbes
2%
1966 1967 3 Daniel Eon
2%
1953 1959 26 François Remetter
2%
1948 1948 1 Marcel Domingo
2%
1949 1950 6 Abderrahman Ibrir
1%
1914 1920 5 Albert Parsys
1%
1944 1944 1 Alfred Dambach
1%
1908 1908 1 André Renaux
1%
1932 1932 5 André Tassin
1%
1930 1930 3 Antonin Lozès
1%
1952 1954 7 César Ruminski
1%
1929 1929 1 Charles Allé
1%
1923 1923 1 Charles Berthelot
1%
1922 1922 2 Emile Friess
1%
1908 1908 1 Fernand Desrousseaux
1%
1905 1906 2 Georges Crozier
1%
1959 1962 7 Georges Lamia
1%
1953 1953 1 Jean-Pierre Kress
1%
1960 1960 3 Jean Taillandier
1%
1936 1938 11 Laurent Di Lorto
1%
1928 1929 4 Laurent Henric
1%
1913 1913 1 Louis Bournonville
1%
1909 1910 5 Louis Tessier
1%
1921 1921 3 Maurice Beaudier
1%
1920 1927 18 Maurice Cottenet
1%
1904 1905 2 Maurice Guichard
1%
1908 1908 2 Maurice Tilliette
1%
1950 1950 1 Paul Sinibaldi
1%
1960 1965 21 Pierre Bernard
1%
1911 1925 21 Pierre Chayriguès
1%
1932 1932 2 Raoul Chaisaz
1%
1919 1919 1 Raymond Frémont
1%
1975 1975 2 René Charrier
1%
1933 1936 9 Robert Défossé
1%
1940 1940 1 Rodolphe Hiden
1%
1906 1908 4 Zacharie Baton
1%
1962 1962 1 Bruno Ferrero
0%
1914 1914 1 Jean Loubière
0%
1935 1939 11 René Llense
0%
1951 1951 2 Stéphane Dakowski
0%
Aucun quiz correspondant
Distribution des résultats
% des personnes avec chaque résultat
Percentile par nombre de réponses
Votre historique - résultats
Vous n’avez pas pris ce quiz